Vista normal
Vista MARC
Entrada Personal Name
Número de registros utilizados en: 1
001 - CONTROL NUMBER
- control field: 10832
003 - CONTROL NUMBER IDENTIFIER
- control field: OSt
005 - DATE AND TIME OF LATEST TRANSACTION
- control field: 20200925122319.0
008 - FIXED-LENGTH DATA ELEMENTS
- fixed length control field: 200925|| aca||aabn | a|a d
040 ## - CATALOGING SOURCE
- Original cataloging agency: OSt
- Transcribing agency: OSt
100 ## - HEADING--PERSONAL NAME
- Personal name: Fernández Sánchez, Manuel
670 ## - SOURCE DATA FOUND
- Source citation: Work cat.: (OSt)0: Instituto Internacional para la Democracia y la Asistencia Electoral autor 10827, La política y la pobreza en los países andinos / , 2007.